Vinnetou /
Hrdinové nestárnoucí klukovské četby ožívají ve velkolepé dramatizaci s předními interprety, bohatými zvukovými efekty a westernovou hudbou Ladislava Štaidla. Komplet 4 alb nabízí více než pět hodin poslechu plného romantiky a napětí!
Uloženo v:
| Hlavní autor: | |
|---|---|
| Další autoři: | |
| Médium: | E-audiokniha |
| Vydáno: |
Praha :
Supraphon a.s.,
2007
|
| Tagy: |
Žádné tagy |
| LEADER | 02308nim a22004337i 4500 | ||
|---|---|---|---|
| 001 | 313205 | ||
| 007 | sr nunnnnnnned | ||
| 024 | |a 099925583422 | ||
| 044 | |a xr | ||
| 100 | 1 | |a May, Karel |4 aut | |
| 245 | 1 | 0 | |a Vinnetou / |c May, Karel |
| 264 | 1 | |a Praha : |b Supraphon a.s., |c 2007 | |
| 300 | |a 1 online zdroj (4 hod., 59 min., 8 sek.) | ||
| 336 | |a mluvené slovo |b spw |2 rdacontent | ||
| 337 | |a audio |b s |2 rdamedia | ||
| 338 | |a online zdroj |b cr |2 rdacarrier | ||
| 505 | 0 | 0 | |t Indianske leto - Greenhorn (18 min., 5 sek.) |
| 505 | 0 | 0 | |t Indianske leto - Na prerii (10 min., 14 sek.) |
| 505 | 0 | 0 | |t Indianske leto - Smrt Kleki-petry (20 min., 51 sek.) |
| 505 | 0 | 0 | |t Indianske leto - Kiowove (17 min., 6 sek.) |
| 505 | 0 | 0 | |t Indianske leto - Uloupena kader (13 min., 27 sek.) |
| 505 | 0 | 0 | |t Rudy gentleman - Boj na dve strany (14 min., 57 sek.) |
| 505 | 0 | 0 | |t Rudy gentleman - Nso-ci (11 min., 32 sek.) |
| 505 | 0 | 0 | |t Rudy gentleman - Incu-cunuv tomahawk (15 min., 31 sek.) |
| 505 | 0 | 0 | |t Rudy gentleman - Sbratreni krvi (26 min., 20 sek.) |
| 505 | 0 | 0 | |t Ve stinu vecnych lovist - Smrt na Nugget-tsilu (24 min., 48 sek.) |
| 505 | 0 | 0 | |t Ve stinu vecnych lovist - Zakon pomsty (24 min., 30 sek.) |
| 505 | 0 | 0 | |t Ve stinu vecnych lovist - Znovu na divokem Zapade (24 min., 49 sek.) |
| 505 | 0 | 0 | |t Posledni vystrel - Stanice Echo a hora Hancock (15 min., 2 sek.) |
| 505 | 0 | 0 | |t Posledni vystrel - Vinnetouova smrt (8 min., 6 sek.) |
| 505 | 0 | 0 | |t Posledni vystrel - Zavet nacelnika Apacu (15 min., 49 sek.) |
| 505 | 0 | 0 | |t Posledni vystrel - V zajeti Kiowu (27 min., 4 sek.) |
| 505 | 0 | 0 | |t Posledni vystrel - Tmava voda a Santeruv konec (10 min., 44 sek.) |
| 520 | 2 | |a Hrdinové nestárnoucí klukovské četby ožívají ve velkolepé dramatizaci s předními interprety, bohatými zvukovými efekty a westernovou hudbou Ladislava Štaidla. Komplet 4 alb nabízí více než pět hodin poslechu plného romantiky a napětí! | |
| 700 | 1 | |a interpreti, Různí |4 nrt | |
| 910 | |a RBIT002 | ||
| 998 | |d 393772 |a https://core.palmknihy.cz/api/books/393772/cover?s5pe0e |b https://core.palmknihy.cz/api/books/393772/cover/400?s5pe0e |c https://core.palmknihy.cz/api/books/393772/cover/50?s5pe0e |e 2099-01-01 |i 099925583422 |l 17948 |q 49 |r 1 |s https://www.palmknihy.cz/kniha/393772 |t audiobook |y 2007 |z 1 | ||
| 999 | |d 313203 | ||